| 000 | 01282cam a22003615a 4500 | ||
|---|---|---|---|
| 999 |
_c27122 _d27094 |
||
| 001 | 018479974 | ||
| 003 | EG-ScBUE | ||
| 005 | 20190212120006.0 | ||
| 008 | 160211t2017 enka frb 001 0 eng d | ||
| 015 |
_aGBB7J0408 _2bnb |
||
| 020 | _z9781292148496 | ||
| 020 | _z1292148497 | ||
| 020 | _z1292148586 (etext) | ||
| 020 | _z9781292148588 (etext) | ||
| 040 |
_aIDEBK _beng _cIDEBK _dOCLCO _dYDX _dOCLCQ _dIDEBK _dOCLCF _dOCLCQ _dUk _dEG-ScBUE |
||
| 082 | 0 | 4 |
_a658.4012 _bDAV _222 |
| 100 | 1 |
_aDavid, Fred R. _922473 |
|
| 245 | 1 | 0 |
_aStrategic management : _bconcepts and cases : a competitive advantage approach / _cFred R. David, Forest R. David. |
| 250 | _a16th ed., Global ed. | ||
| 260 |
_aHarlow : _bPearson Education Limited, _cc.2017. |
||
| 300 |
_a680 p. : _bill. (col.) ; _c28 cm. |
||
| 500 | _aIncludes access to companion website. | ||
| 500 | _a"Pearson Global Edition."--Back cover. | ||
| 504 | _aIncludes bibliographical references and indexes. | ||
| 650 | 7 |
_aStrategic planning. _2BUEsh |
|
| 650 | 7 |
_aStrategic planning _vCase studies. _2BUEsh |
|
| 651 | _2BUEsh | ||
| 653 |
_bBUSADM _cFebruary2019 |
||
| 655 | _vText book | ||
| 700 | 1 | _aDavid, Forest R. | |
| 856 | 4 | 2 |
_3Student access code inside _uhttps://www.pearsonmylabandmastering.com/global/ |
| 942 | _2ddc | ||